000 02198nam a22004812 4500
001 0000005757
005 20151217154354.0
008 070716s xx 000 0 eng d
020 _a9966703403 :
_cKES 1,500
040 _aKABU
_cKABU
050 0 _aKSK3570
_b.K85 1984
100 1 _aKuloba, Richard.
_@0000160095
245 1 0 _aJudicial hints on civil procedure.
250 _a2nd ed.
260 _aNairobi :
_bLawAfrica,
_c1984.
300 _alviii, 334 p.
650 0 _aCivil procedure
_zKenya.
_@0000160098
852 1 _9p1800 KES
852 1 _9p1800 KES
852 1 _9p1800 KES
852 1 _9p1800 KES
852 1 _9p1800 KES
852 1 _9p1800 KES
852 1 _9p1800 KES
852 1 _9p1800 KES
852 1 _9p1800 KES
852 1 _9p1800 KES
852 1 _9p1800 KES
852 1 _9p1800 KES
852 1 _9p1800 KES
852 1 _9p1800 KES
852 1 _9p1800 KES
852 1 _9p1800 KES
852 1 _9p1800 KES
852 1 _9p1800 KES
852 1 _9p1800 KES
908 _a070716
950 _@1
999 _c10840
_d10840